The theological tractates

Wedi'i Gadw mewn:
Manylion Llyfryddiaeth
Prif Awdur: Boecio, Anicio Manlio
Fformat: Llyfr
Iaith:Saesneg
Cyhoeddwyd: London, England, United Kingdom. William Heinemann. 1968.
Cyfres:The Loeb Classical Library
Pynciau:
Tagiau: Ychwanegu Tag
Dim Tagiau, Byddwch y cyntaf i dagio'r cofnod hwn!

MARC

LEADER 00000nam a2200000 a 4500
001 UCZ3447
003 CL-VaPUC
005 20240513151048.0
008 951020e19680000UK |||||||||||||||||eng|d
999 |c 239922  |d 239920 
040 |c Pontificia Universidad Católica de Valparaíso 
082 0 4 |a 186.4 BOE 1968  |2 21 
100 0 |a Boecio, Anicio Manlio  |9 347211 
245 1 4 |a The theological tractates 
246 1 4 |a The consolation of Philosophy 
260 0 3 |a London, England, United Kingdom.  |b William Heinemann.  |c 1968. 
300 |a 419 páginas 
490 0 |a The Loeb Classical Library 
583 |a last modification  |c 19951020 00:00:00  |k Rodrigo Vera 
600 0 |a Dios  |9 314467 
650 0 |a Filosofía romana   |9 344946 
650 0 |a Teología   |9 258766 
650 0 |a Neoplatonismo  |9 265877 
650 0 |a Conceptos morales   |9 310606 
650 0 |a Filosofía del espíritu  |9 320175 
650 0 |a Libre albedrío  |9 334583 
650 0 |a Voluntad  |9 307812 
942 |c BK  |2 ddc 
945 |d 19951020 00:00:00  |a lriquelm 
952 |0 0  |1 0  |2 ddc  |4 0  |6 186_400000000000000_BOE_1968  |7 0  |8 P  |9 251451  |a BIBEDU  |b BIBEDU  |c BIBEDU_PB  |d 2019-11-18  |i 1589156  |o 186.4 BOE 1968  |p 1589156  |r 2024-01-25  |t 1  |w 2019-11-18  |y BK  |k FIL